| 000 | 00442nam a2200193Ia 4500 | ||
|---|---|---|---|
| 003 | GCL | ||
| 008 | 140319s9999 xx 000 0 eng d | ||
| 040 |
_aGCL / _cGCL |
||
| 082 | 0 | 4 |
_a759 _bK U |
| 100 | 1 | _aKIBUCHI, SADAO | |
| 245 | 1 | 0 |
_aUTAMARO / _cKIBUCHI, SADAO |
| 700 | 1 | _aFRASER, MGRA | |
| 260 |
_a[S.N] : _bHAIKUSHA ، _c1992 |
||
| 300 | _a128 PP | ||
| 650 | 0 | 4 | _aARTS |
| 650 | 0 | 4 | _aJAPAN |
| 650 | 0 | 4 | _aART, JAPAN |
| 942 |
_2ddc _cBK |
||
| 999 |
_c19163 _d19163 |
||